000 00434nam a22001697a 4500
003 MACL
005 20160116161948.0
008 160116b xxu||||| |||| 00| 0 eng d
040 _cMACL
041 _aEnglish
082 _a200/DAS
100 _aDasgupta, A.K
_932975
245 _aReligion Secularism and Conversion in India
260 _aKolkata
_bSeribaan Publication Team
_c2010
650 _aReligions
_932976
942 _2ddc
_cBK
999 _c52688
_d52688